| 000 | 01075cam a2200205 4500 | ||
|---|---|---|---|
| 001 | WB3737-20 | ||
| 008 | 011002n2001 000 0 eng u | ||
| 035 | _a(Sirsi) u114946 | ||
| 245 | _aPriorities for planning | ||
| 260 | _c2001 | ||
| 490 |
_aUrban Environment Today _v27 September 2001, 4(1) |
||
| 520 | _aThe British Chamber of Commerce "Planning for the future - the BCC's priorities for planning reform" key recommendations include the appointment of a national planning commissioner, reduction in the number of policy planning guidance notes, passing responsibility for regional planning guidance to regional development agencies, streamlining compulsory purchase orders and access to planning departments including more use of IT. Full report available on http://www.britishchambers.org.uk/newsandpolicy/downloads/planning.pdf. | ||
| 590 | _aWB | ||
| 650 | _aBRITISH CHAMBER OF COMMERCE | ||
| 650 | _aPLANNING SYSTEM | ||
| 650 | _aSTREAMLINING | ||
| 650 | _aREFORM | ||
| 690 | _aENVIRONMENTAL AND LAND CONSULTANCY-PLANNING AND DEVELOPMENT | ||
| 942 | _n0 | ||
| 999 |
_c68436 _d68436 |
||